Kayyur riot a terrorist episode in the nationalist movement in kerala. (Record no. 212818)

MARC details
000 -LEADER
fixed length control field 00437nam a2200157Ia 4500
008 - FIXED-LENGTH DATA ELEMENTS--GENERAL INFORMATION
fixed length control field 210719s1978 xx 000 0 und d
041 ## - LANGUAGE CODE
Language code of text/sound track or separate title eng
082 ## - DEWEY DECIMAL CLASSIFICATION NUMBER
Classification number 954.83 KURK
100 ## - MAIN ENTRY--PERSONAL NAME
Personal name KURUP (K K N)
245 ## - TITLE STATEMENT
Title Kayyur riot a terrorist episode in the nationalist movement in kerala.
260 ## - PUBLICATION, DISTRIBUTION, ETC.
Place of publication, distribution, etc. Calicut.
Name of publisher, distributor, etc. Sandhya Publications.,
Date of publication, distribution, etc. 1978
300 ## - PHYSICAL DESCRIPTION
Extent xv,122
Other physical details HB
365 ## - TRADE PRICE
Currency code Rs
650 ## - SUBJECT ADDED ENTRY--TOPICAL TERM
Topical term or geographic name entry element Indian History
906 ## - LOCAL DATA ELEMENT F, LDF (RLIN)
a Kayyur Kerala
Holdings
Withdrawn status Lost status Damaged status Not for loan Collection code Home library Current library Date acquired Total Checkouts Full call number Barcode Date last seen Price effective from Koha item type
          St Aloysius Library St Aloysius Library 05/16/1996   954.83 KURK D00918 07/19/2021 07/19/2021 Donated Books